Harivaṃśarāya ʻBaccanaʼ. (Record no. 65158)

MARC details
000 -LEADER
fixed length control field 00497cam a22002051 4500
001 - CONTROL NUMBER
control field sa 65007451
003 - CONTROL NUMBER IDENTIFIER
control field DLC
005 - DATE AND TIME OF LATEST TRANSACTION
control field 20260227112148.0
008 - FIXED-LENGTH DATA ELEMENTS--GENERAL INFORMATION
fixed length control field 820908s1960 xx c 000 0 hin
010 ## - LIBRARY OF CONGRESS CONTROL NUMBER
LC control number sa 65007451
035 ## - SYSTEM CONTROL NUMBER
System control number (OCoLC)16763487
040 ## - CATALOGING SOURCE
Original cataloging agency DLC
Transcribing agency OrPS
Modifying agency DLC
042 ## - AUTHENTICATION CODE
Authentication code premarc
050 00 - LIBRARY OF CONGRESS CALL NUMBER
Classification number PK2098.B22
Item number H3
100 1# - MAIN ENTRY--PERSONAL NAME
Personal name Baccana,
Dates associated with a name 1907-2003.
245 10 - TITLE STATEMENT
Title Harivaṃśarāya ʻBaccanaʼ.
260 ## - PUBLICATION, DISTRIBUTION, ETC.
Date of publication, distribution, etc. [1960]
300 ## - PHYSICAL DESCRIPTION
Extent 139 p.
Other physical details port.
Dimensions 19 cm.
500 ## - GENERAL NOTE
General note Romanized.

No items available.

Powered by Koha